Historia sencilla del pensamiento político

Gardado en:
Detalles Bibliográficos
Autor Principal: Ocáriz Braña, José (autor)
Formato: Libro
Idioma:Lingua castelá
Publicado: Madrid Rialp 1988
Series:Libros de Bolsillo Rialp, 122
Subjects:
Tags: Engadir etiqueta
Sen Etiquetas, Sexa o primeiro en etiquetar este rexistro!

MARC

LEADER 00000nam a2200000 a 4500
001 UCV2454
003 CL-VaPUC
008 920721e19880000SP |||||||||||||||||spa|d
082 0 4 |a 340.1  |b OCA  |2 21 
100 |a Ocáriz Braña, José  |e autor  |9 411671 
245 1 0 |a Historia sencilla del pensamiento político 
300 |a 211 p 
942 |c BK 
945 |d 19920721 00:00:00 
260 |a Madrid  |b Rialp  |c 1988 
650 0 |a Filosofía del derecho   |9 255050 
650 7 |a FILOSOFIA POLITICA  |2 CL-VaPUC  |9 296699 
650 0 |a Derecho político   |9 257756 
583 |a last modification  |c 19920721 00:00:00  |k Rodrigo Vera 
490 0 |a Libros de Bolsillo Rialp, 122 
999 |c 210020  |d 210018 
952 |0 0  |1 0  |4 0  |6 340_100000000000000_OCA_1988  |7 0  |8 DER_TF  |9 185959  |a BIBDER  |b BIBDER  |d 2019-11-14  |i 253455K  |o 340.1 OCA 1988  |p 253455K  |r 2023-01-25  |w 2019-11-14  |x Ubicación 4to Piso  |y BK_X  |z Estos recursos deben solicitarse con anticipación  |k DER